Gehe nicht in die USA! - Sudden Death - Formen - Statistiken

Allgemein
  • Dieses Quiz wurde 1.014 mal gespielt
  • Das Durchschnittsergebnis liegt bei 8 aus 24
Answers on the Grid
Answers color-coded by a green-red scale on the quiz's grid according to % correct below.
 
Antwortstatistiken
Antwort % Korrekt
74%
55%
49%
48%
47%
40%
40%
39%
35%
35%
33%
32%
32%
31%
30%
30%
29%
27%
26%
23%
20%
20%
19%
13%
Keine übereinstimmenden Quizze gefunden
Verteilung der Resultate
Anzahl Personen mit jedem Resultat
Perzentil nach korrekt beantworteten Fragen
Ihre Resultats-Entwicklung
Sie haben dieses Quiz noch nicht gespielt